Normal view
MARC view
- Campbell, Tim
Entry Personal Name
001 - CONTROL NUMBER
- control field: 37894
003 - CONTROL NUMBER IDENTIFIER
- control field: NUST
005 - DATE AND TIME OF LATEST TRANSACTION
- control field: 20210314130436.0
008 - FIXED-LENGTH DATA ELEMENTS
- fixed length control field: 210314|| aca||aabn | a|a d
040 ## - CATALOGING SOURCE
- Original cataloging agency: NUST
- Transcribing agency: NUST
100 ## - HEADING--PERSONAL NAME
- Personal name: Campbell, Tim
670 ## - SOURCE DATA FOUND
- Source citation: Work cat.: (NUST): Campbell, Tim, Decentralization to local governent in ALC:National strategies and local response i planning, spending and management, 1991
